UBT Library

The theory and application of econometric models, (Record no. 39227)

000 -LEADER
fixed length control field 00588cam a22002291 4500
001 - CONTROL NUMBER
control field 8928166
005 - DATE AND TIME OF LATEST TRANSACTION
control field 20171220073322.0
008 - FIXED-LENGTH DATA ELEMENTS--GENERAL INFORMATION
fixed length control field 731113s1963 gr a b 000 0 eng
010 ## - LIBRARY OF CONGRESS CONTROL NUMBER
LC control number 65006906
035 ## - SYSTEM CONTROL NUMBER
System control number (OCoLC)740567
040 ## - CATALOGING SOURCE
Original cataloging agency DLC
Transcribing agency OYU
Modifying agency OCoLC
-- DLC
041 ## - LANGUAGE CODE
Language code of text/sound track or separate title eng
080 ## - UNIVERSAL DECIMAL CLASSIFICATION NUMBER
Universal Decimal Classification number 33 SUI
082 ## - DEWEY DECIMAL CLASSIFICATION NUMBER
Classification number 33 SUI
100 1# - Rafti
Rafti 53
101 ## - Shkurtesa
Shkurtesa EKO
245 14 - TITLE STATEMENT
Title The theory and application of econometric models,
Statement of responsibility, etc by Daniel B. Suits.
504 ## - BIBLIOGRAPHY, ETC. NOTE
Bibliography, etc Bibliography: p. 145-147.
906 ## - LOCAL DATA ELEMENT F, LDF (RLIN)
a 7
b cbc
c oclcrpl
d u
e ncip
f 19
g y-gencatlg
942 ## - ADDED ENTRY ELEMENTS (KOHA)
Source of classification or shelving scheme
Item type Books
Holdings
Withdrawn status Lost status Source of classification or shelving scheme Damaged status Not for loan Collection code Permanent location Current location Shelving location Date acquired Total Checkouts Full call number Barcode Date last seen Price effective from Koha item type
          Koleksioni i përgjithshem UBT - Lipjan UBT - Lipjan Koleksioni i përgjithshem 12/20/2017   33 SUI 002-2938919 12/20/2017 12/20/2017 Books
UBT Library © 2015-2024. All rights reserved University Education for Business and Technology